| 000 | 00868nam a2200265 a 4500 | ||
|---|---|---|---|
| 001 | 15460 | ||
| 003 | BD-RjUL | ||
| 005 | 20211208235823.0 | ||
| 008 | 140210r19621932nyuaf b 001 0 eng d | ||
| 035 | _a(BD-RjUL)15514 | ||
| 040 |
_aDLC _cDLC _dDLC _dBD-RjUL _beng |
||
| 041 | _aeng | ||
| 082 | 0 | 0 |
_a158.7 _bVII 1962 _223 |
| 100 | 1 |
_aViteles, Morris S. _q(Morris Simon), _d1898-1996. _948021 |
|
| 245 | 1 | 0 |
_aIndustrial psychology / _cMorris S. Viteles. |
| 260 |
_aNew York : _bW. W. Norton. Pub., _c c1932,1933 [reprinted 1962] |
||
| 300 |
_axviii, 652 p. : _bill., 8 p. of plates ; _c24 cm. |
||
| 500 | _aReprint. Originally published: New York : W.W. Norton, 1932. | ||
| 500 | _aIncludes indexes. | ||
| 504 | _aBibliography: p. 629-633. | ||
| 650 | 0 |
_aPsychology, Industrial. _93670 |
|
| 942 |
_2ddc _cBK |
||
| 999 |
_c15460 _d15460 |
||